[Event "Titled Tue 20th May Late"]
[Site "chess.com INT"]
[Date "2025.05.20"]
[Round "8"]
[White "Grodotzki, Kenneth"]
[Black "Reprintsev, Alexander"]
[Result "0-1"]
[WhiteTitle "CM"]
[BlackTitle "IM"]
[WhiteElo "1984"]
[BlackElo "2256"]
[WhiteFideId "4648560"]
[BlackFideId "14100541"]
[EventDate "2025.05.20"]

1. f4 e5 2. fxe5 d6 3. exd6 Bxd6 4. Nf3 Nf6 5. d4 Ng4 6. Qd3 Nc6 7. c3 f5 8. Bg5
Ne7 9. Nbd2 O-O 10. Nc4 f4 11. h3 Bf5 12. Qd2 Ne3 13. Nxe3 fxe3 14. Qxe3 Bg3+
15. Kd2 Re8 16. Ne5 Bxe5 17. Qxe5 Qd7 18. g4 Bg6 19. Bg2 c6 20. Qg3 c5 21. e3
Nc6 22. Rae1 Ne5 23. b3 c4 24. h4 cxb3 25. axb3 Qb5 26. c4 Qb4+ 27. Kc1 Qc3+ 28.
Kd1 Qc2# 0-1

[Event "Titled Tue 20th May Late"]
[Site "chess.com INT"]
[Date "2025.05.20"]
[Round "8"]
[White "Lugo, Blas"]
[Black "Flores Mirabal, Nancy"]
[Result "1-0"]
[WhiteTitle "IM"]
[BlackTitle "WCM"]
[WhiteElo "2399"]
[BlackElo "2050"]
[WhiteFideId "2011263"]
[BlackFideId "109339"]
[EventDate "2025.05.20"]

1. e4 c5 2. Nf3 d6 3. d4 cxd4 4. Nxd4 Nf6 5. Nc3 a6 6. Bg5 e6 7. f4 Nbd7 8. Qf3
Qc7 9. O-O-O b5 10. Bd3 Bb7 11. Rhe1 Rc8 12. Kb1 Be7 13. g4 O-O 14. Qh3 b4 15.
e5 dxe5 16. fxe5 Nxe5 17. Rxe5 h6 18. Bf4 Bd6 19. Ncb5 axb5 20. Nxb5 Qb6 21.
Nxd6 Rcd8 22. Nxb7 Qxb7 23. g5 Nd5 24. Bc1 Nc3+ 25. bxc3 bxc3+ 26. Rb5 Qxb5+ 27.
Bxb5 Rxd1 28. Qxc3 Rb8 29. a4 Rbd8 30. gxh6 gxh6 31. Kb2 Rg1 32. Bxh6 Rdd1 33.
Bd3 Rb1+ 34. Ka3 Ra1+ 35. Kb4 Rgb1+ 36. Ka5 Rg1 37. Qc8# 1-0

[Event "Titled Tue 20th May Late"]
[Site "chess.com INT"]
[Date "2025.05.20"]
[Round "8"]
[White "Mafra, Kaiser Luiz"]
[Black "Swara Lakshmi S Nair"]
[Result "0-1"]
[WhiteTitle "CM"]
[BlackTitle "WCM"]
[WhiteElo "2094"]
[BlackElo "2178"]
[WhiteFideId "2106698"]
[BlackFideId "25629239"]
[EventDate "2025.05.20"]

1. d4 Nf6 2. Nc3 d5 3. Bf4 g6 4. Qd2 Bg7 5. Bh6 O-O 6. Bxg7 Kxg7 7. h4 h5 8.
O-O-O Bf5 9. f3 Nc6 10. e3 Nb4 11. Bd3 Bxd3 12. cxd3 c5 13. dxc5 Qa5 14. a3 Na6
15. d4 b6 16. e4 dxe4 17. Nxe4 Qxd2+ 18. Rxd2 Nxe4 19. fxe4 bxc5 20. d5 c4 21.
Nf3 Nc5 22. Rc2 Nxe4 23. Rxc4 Rfc8 24. Rxc8 Rxc8+ 25. Kb1 Rd8 26. Rd1 Nf6 27.
Re1 Nxd5 28. Ne5 e6 29. Rf1 f6 30. Nc6 Rd7 31. Re1 Kf7 32. b4 Nc3+ 33. Kc2 Nb5
34. Kb2 Rd2+ 35. Kb3 Rd6 36. Ka4 Nc3+ 37. Kb3 Rxc6 0-1

[Event "Titled Tue 20th May Late"]
[Site "chess.com INT"]
[Date "2025.05.20"]
[Round "8"]
[White "Erigaisi, Arjun"]
[Black "Pranesh, M"]
[Result "1-0"]
[WhiteTitle "GM"]
[BlackTitle "GM"]
[WhiteElo "2782"]
[BlackElo "2576"]
[WhiteFideId "35009192"]
[BlackFideId "35028600"]
[EventDate "2025.05.20"]

1. Nf3 d5 2. c4 d4 3. e3 Nc6 4. b4 dxe3 5. fxe3 Nxb4 6. Nc3 Nd3+ 7. Bxd3 Qxd3 8.
Ne5 Qd8 9. O-O Nf6 10. Qf3 g6 11. Nd5 Bg7 12. Ba3 Be6 13. Nxe7 c6 14. N7xc6 Qc7
15. Nd4 O-O-O 16. Rab1 h5 17. Nb5 Qb8 18. Nc6 Qa8 19. Nbxa7+ Kd7 20. Nxd8 Bd5
21. cxd5 Rxd8 22. Bb2 Qxa7 23. Bxf6 Bxf6 24. Qxf6 Rf8 25. d6 1-0

[Event "Titled Tue 20th May Late"]
[Site "chess.com INT"]
[Date "2025.05.20"]
[Round "8"]
[White "Zanette, Edgard Vinicius"]
[Black "Behzad Nazif, Parva"]
[Result "1-0"]
[BlackTitle "WIM"]
[WhiteElo "2041"]
[BlackElo "2090"]
[WhiteFideId "2109263"]
[BlackFideId "12563790"]
[EventDate "2025.05.20"]

1. e4 e5 2. Nf3 Nc6 3. Bb5 Nge7 4. O-O Ng6 5. c3 d5 6. d3 dxe4 7. dxe4 Bd6 8. h3
O-O 9. Nbd2 Nf4 10. Nc4 Qf6 11. Nxd6 cxd6 12. Kh2 Qg6 13. Bxf4 exf4 14. Re1 Ne5
15. Nxe5 dxe5 16. Qd5 f3 17. g3 Qh5 18. Bf1 Be6 19. Qb5 Rad8 20. Rad1 Rxd1 21.
Rxd1 f6 22. Qxb7 f5 23. Rd6 Bxa2 24. Qxa7 Bb1 25. Rd7 Qh6 26. Bc4+ Kh8 27. Qc5
g6 28. Qxe5+ 1-0

[Event "Titled Tue 20th May Late"]
[Site "chess.com INT"]
[Date "2025.05.20"]
[Round "8"]
[White "Gelman, Alexander"]
[Black "Roberson, Peter T"]
[Result "1-0"]
[WhiteTitle "IM"]
[BlackTitle "IM"]
[WhiteElo "2403"]
[BlackElo "2440"]
[WhiteFideId "4118316"]
[BlackFideId "412384"]
[EventDate "2025.05.20"]

1. d4 Nf6 2. Nc3 e6 3. Bf4 Bb4 4. e3 d5 5. g4 c5 6. Ne2 Nc6 7. a3 Bxc3+ 8. Nxc3
cxd4 9. exd4 O-O 10. Qd2 Bd7 11. g5 Ne4 12. Nxe4 dxe4 13. Bg2 f5 14. gxf6 Qxf6
15. Be3 Qg6 16. Rg1 Ne7 17. O-O-O Rac8 18. Kb1 Nd5 19. Rc1 b5 20. Qa5 Rc7 21.
Ka1 Rfc8 22. c3 Nb6 23. Bf4 Nc4 24. Qa6 Rc6 25. Qxa7 Qf7 26. Bxe4 Qxf4 27. Bxc6
Qxf2 28. Rb1 Rxc6 29. Qxd7 1-0

[Event "Titled Tue 20th May Late"]
[Site "chess.com INT"]
[Date "2025.05.20"]
[Round "8"]
[White "Luong Phuong Hanh"]
[Black "Tologon tegin, Semetei"]
[Result "0-1"]
[WhiteTitle "WIM"]
[BlackTitle "IM"]
[WhiteElo "2144"]
[BlackElo "2313"]
[WhiteFideId "12401013"]
[BlackFideId "13800574"]
[EventDate "2025.05.20"]

1. d4 g6 2. e4 Bg7 3. Be3 e6 4. Nc3 Ne7 5. Qd2 d5 6. e5 h6 7. h4 a6 8. h5 g5 9.
Bd3 c5 10. dxc5 Nbc6 11. Nf3 Nxe5 12. Nxe5 Bxe5 13. f4 Bg7 14. Ne2 gxf4 15. Bxf4
e5 16. Bg3 e4 17. O-O exd3 18. Qxd3 Be6 19. Bh4 Qc7 20. Nf4 O-O 21. Rae1 Qxc5+
22. Kh1 Nf5 23. Bf2 Qc4 24. Qf3 Rae8 25. c3 Qxa2 26. Nxe6 fxe6 27. Qg4 Kh8 28.
Bc5 Rg8 29. Qg6 Qc4 30. b4 Qh4+ 31. Kg1 Bxc3 32. Qf7 Bxb4 0-1

[Event "Titled Tue 20th May Late"]
[Site "chess.com INT"]
[Date "2025.05.20"]
[Round "8"]
[White "Naranjo Moreno, Antonio"]
[Black "Yanev, Tihomir"]
[Result "1-0"]
[WhiteTitle "FM"]
[BlackTitle "IM"]
[WhiteElo "2289"]
[BlackElo "2354"]
[WhiteFideId "2278626"]
[BlackFideId "2910110"]
[EventDate "2025.05.20"]

1. e4 c5 2. Nf3 d6 3. d4 cxd4 4. Nxd4 Nf6 5. Nc3 a6 6. Bg5 e6 7. f4 Qc7 8. Qf3
Be7 9. O-O-O h6 10. Bh4 Nbd7 11. Bxf6 Nxf6 12. Bd3 b5 13. g4 b4 14. Nce2 Bb7 15.
g5 hxg5 16. fxg5 Nd7 17. g6 Bg5+ 18. Kb1 Ne5 19. Qg2 Bh6 20. Rhf1 Nxg6 21. Nxe6
Qe7 22. Bc4 Ne5 23. Nxg7+ Kd8 24. Nf5 1-0

[Event "Titled Tue 20th May Late"]
[Site "chess.com INT"]
[Date "2025.05.20"]
[Round "8"]
[White "Dubnevych, Maksym"]
[Black "Mizzi, Jack"]
[Result "0-1"]
[WhiteTitle "FM"]
[BlackTitle "CM"]
[WhiteElo "2292"]
[BlackElo "2086"]
[WhiteFideId "14184001"]
[BlackFideId "5602521"]
[EventDate "2025.05.20"]

1. Nc3 d5 2. e4 d4 3. Nce2 c5 4. Ng3 Nc6 5. Bc4 e5 6. Nf3 Be7 7. O-O Nf6 8. d3
h6 9. a4 O-O 10. c3 a6 11. Re1 Rb8 12. Nh4 Nxe4 13. Nxe4 Bxh4 14. Nxc5 b5 15.
axb5 axb5 16. Bb3 Bg5 17. Qf3 Bxc1 18. Raxc1 Rb6 19. Bd5 dxc3 20. Bxc6 cxb2 21.
Rc2 Qd6 22. Ne4 Rxc6 23. Nf6+ Qxf6 24. Qxc6 Qxc6 25. Rxc6 Bf5 26. Rc3 Ra8 27. g4
Ra1 0-1

[Event "Titled Tue 20th May Late"]
[Site "chess.com INT"]
[Date "2025.05.20"]
[Round "8"]
[White "Sailer, Mike"]
[Black "Barrionuevo, Pablo"]
[Result "1-0"]
[BlackTitle "IM"]
[WhiteElo "2108"]
[BlackElo "2215"]
[WhiteFideId "2012901"]
[BlackFideId "110566"]
[EventDate "2025.05.20"]

1. d4 d5 2. Nf3 Nc6 3. e3 Bg4 4. Bd3 e6 5. Nbd2 Bd6 6. b3 Nge7 7. Bb2 O-O 8. O-O
a6 9. a3 f6 10. h3 Bh5 11. c4 Nc8 12. Qc2 f5 13. cxd5 exd5 14. Bxf5 g6 15. Bd3
Bxf3 16. Nxf3 Qf6 17. Be2 N8e7 18. Rac1 Rae8 19. b4 Nf5 20. b5 axb5 21. Bxb5
Nfe7 22. Bc3 Qg7 23. Bxc6 Nxc6 24. Bb4 Nxb4 25. axb4 c6 26. b5 cxb5 27. Qb3 Rxf3
28. gxf3 Qf7 29. f4 Kg7 30. Qxb5 Re7 31. Rc8 Qf5 32. Kh2 Bxf4+ 33. exf4 Qxf4+
34. Kg2 Qg5+ 35. Kh2 Qf4+ 36. Kg2 Rf7 37. Rc3 Qe4+ 38. Kh2 Qxd4 39. Qd3 Rxf2+
40. Rxf2 Qxf2+ 41. Kh1 Qe1+ 42. Kg2 h5 43. Qd4+ Kh7 44. Rc7+ Kh6 45. Qf4+ g5 46.
Qf6# 1-0

[Event "Titled Tue 20th May Late"]
[Site "chess.com INT"]
[Date "2025.05.20"]
[Round "8"]
[White "Rees, Ioan"]
[Black "Shoboev, Dandar"]
[Result "0-1"]
[WhiteTitle "FM"]
[BlackTitle "FM"]
[WhiteElo "2288"]
[BlackElo "2252"]
[WhiteFideId "1801236"]
[BlackFideId "44197012"]
[EventDate "2025.05.20"]

1. Nf3 Nf6 2. g3 d5 3. Bg2 e6 4. O-O Be7 5. d3 O-O 6. Nbd2 c5 7. e4 Nc6 8. Re1
b6 9. c3 Ba6 10. e5 Nd7 11. Nf1 b5 12. h4 b4 13. h5 bxc3 14. bxc3 Qa5 15. h6 g6
16. Qc2 Rab8 17. Ne3 d4 18. cxd4 Nxd4 19. Qd1 Nxf3+ 20. Bxf3 Nxe5 21. Bg2 Nxd3
22. Bd2 Qd8 23. Ng4 Nxe1 24. Qxe1 Qd4 25. Bf4 Rbd8 26. Ne5 Bf6 27. Rc1 Bb5 28.
Ng4 Bh8 29. Bh3 c4 30. Be5 Bxe5 31. Nxe5 Qd2 32. Ng4 Qxe1+ 33. Rxe1 c3 34. Nf6+
Kh8 35. Bxe6 fxe6 36. Rxe6 Rxf6 37. Rxf6 c2 0-1

[Event "Titled Tue 20th May Late"]
[Site "chess.com INT"]
[Date "2025.05.20"]
[Round "8"]
[White "Lortkipanidze, Nodar"]
[Black "Ollier, Pablo"]
[Result "1-0"]
[WhiteTitle "IM"]
[BlackTitle "FM"]
[WhiteElo "2359"]
[BlackElo "2284"]
[WhiteFideId "13604058"]
[BlackFideId "652318"]
[EventDate "2025.05.20"]

1. e4 e5 2. Nf3 Nc6 3. d4 exd4 4. Nxd4 Nf6 5. Nxc6 bxc6 6. e5 Qe7 7. Qe2 Nd5 8.
g3 a5 9. Bg2 a4 10. O-O h5 11. h4 g6 12. Re1 Bg7 13. c4 Nb6 14. Nc3 O-O 15. Bg5
Qe6 16. c5 Nd5 17. Nxd5 cxd5 18. Kh2 d6 19. exd6 Qxe2 20. Rxe2 a3 21. Bxd5 axb2
22. Rae1 Ra5 23. Be7 Ba6 24. Bxf8 Bxe2 25. d7 Bf6 26. Bh6 Bd3 27. Bg5 b1=Q 28.
Rxb1 Bxb1 29. Bxf6 1-0

[Event "Titled Tue 20th May Late"]
[Site "chess.com INT"]
[Date "2025.05.20"]
[Round "8"]
[White "Cernov, Henrik"]
[Black "Zavortink, Matt"]
[Result "1-0"]
[WhiteTitle "FM"]
[WhiteElo "2325"]
[BlackElo "2135"]
[WhiteFideId "16258312"]
[BlackFideId "2034263"]
[EventDate "2025.05.20"]

1. d4 Nf6 2. Nc3 d5 3. Bf4 c5 4. e3 Bg4 5. f3 Bd7 6. g4 e6 7. Qd2 Nc6 8. Nge2
Rc8 9. h4 Be7 10. h5 h6 11. Bg2 Qa5 12. a3 cxd4 13. Nxd4 Nxd4 14. exd4 Bb4 15.
O-O Bxc3 16. bxc3 Qxc3 17. Qf2 Qxc2 18. Qg3 O-O 19. Be5 Bb5 20. Rfc1 Qxc1+ 21.
Rxc1 Rxc1+ 22. Kh2 Nd7 23. g5 Nxe5 24. gxh6 g6 25. Qxe5 f6 26. Qxe6+ Kh7 27.
Qe7+ Kxh6 28. Qxf8+ Kxh5 29. Qxf6 Rc2 30. f4 Bf1 31. Qg5# 1-0

[Event "Titled Tue 20th May Late"]
[Site "chess.com INT"]
[Date "2025.05.20"]
[Round "8"]
[White "Ragger, Markus"]
[Black "Grzesik, Gracjan"]
[Result "0-1"]
[WhiteTitle "GM"]
[BlackTitle "CM"]
[WhiteElo "2566"]
[BlackElo "2175"]
[WhiteFideId "1610856"]
[BlackFideId "1194593"]
[EventDate "2025.05.20"]

1. d4 Nf6 2. c4 e6 3. Nf3 Bb4+ 4. Bd2 Qe7 5. g3 Bxd2+ 6. Nbxd2 d6 7. Bg2 O-O 8.
O-O e5 9. Nb1 e4 10. Ne1 e3 11. f4 c6 12. Nc2 Bf5 13. Nba3 Ng4 14. Qc1 Re8 15.
h3 Nf2 0-1

[Event "Titled Tue 20th May Late"]
[Site "chess.com INT"]
[Date "2025.05.20"]
[Round "8"]
[White "Dogan, Mire Deniz"]
[Black "Hungaski, Robert"]
[Result "0-1"]
[WhiteTitle "FM"]
[BlackTitle "GM"]
[WhiteElo "2089"]
[BlackElo "2477"]
[WhiteFideId "6317456"]
[BlackFideId "2021030"]
[EventDate "2025.05.20"]

1. e4 e6 2. d4 d5 3. e5 c5 4. c3 Qb6 5. Nf3 Bd7 6. a4 c4 7. Be2 Nc6 8. O-O Na5
9. Nbd2 Ne7 10. h4 h6 11. g3 Qc7 12. b4 Nac6 13. b5 Na5 14. Ba3 Nc8 15. Bxf8
Rxf8 16. Qc2 Rh8 17. Nh2 Ne7 18. f4 O-O-O 19. Nhf3 f5 20. Kf2 Be8 21. b6 axb6
22. Rfb1 Kb8 23. Rb2 Nc8 24. Rb4 Rg8 25. Nb1 Bh5 26. Na3 Bxf3 27. Bxf3 g5 28.
Nb5 Qg7 29. fxg5 hxg5 30. h5 g4 31. Be2 f4 32. gxf4 Qh6 33. Kg2 Rdf8 34. Nd6
Qxf4 35. Rf1 Qe3 36. Nxc8 Qh3+ 37. Kg1 Qg3+ 38. Kh1 Qh3+ 39. Kg1 g3 40. Bg4
Rxf1# 0-1

[Event "Titled Tue 20th May Late"]
[Site "chess.com INT"]
[Date "2025.05.20"]
[Round "8"]
[White "Petriashvili, Nikoloz"]
[Black "Hoeffer, David"]
[Result "1-0"]
[WhiteTitle "IM"]
[BlackTitle "FM"]
[WhiteElo "2468"]
[BlackElo "2295"]
[WhiteFideId "13611216"]
[BlackFideId "24606766"]
[EventDate "2025.05.20"]

1. Nc3 Nc6 2. Nf3 d5 3. d4 Bf5 4. Bf4 e6 5. e3 Bd6 6. Bg3 Nf6 7. Bd3 Ne4 8. Bxe4
Bxe4 9. Nxe4 dxe4 10. Nd2 f5 11. c3 O-O 12. Qb3 Qd7 13. Qxb7 Rab8 14. Qa6 Rxb2
15. Nc4 Rbb8 16. O-O g5 17. Bxd6 cxd6 18. Rad1 d5 19. Ne5 Nxe5 20. dxe5 Rb6 21.
Qa5 Rc8 22. Rb1 Qc6 23. Rxb6 axb6 24. Qb4 Qc5 25. Qb3 b5 26. g3 Kg7 27. Rb1 Qxc3
28. Qxc3 Rxc3 29. Rxb5 Ra3 30. Rb7+ Kg6 31. Re7 Rxa2 32. Rxe6+ Kh5 33. h3 h6 34.
Rf6 Rd2 35. Rxf5 d4 36. exd4 Rxd4 37. Rf6 g4 38. hxg4+ Kxg4 39. Rf4+ Kg5 40. Kg2
h5 41. e6 Rd8 42. e7 Re8 43. Rxe4 Kf6 44. Kh3 Kf5 45. Re3 Kg6 46. f4 Kf7 47. Kh4 1-0

[Event "Titled Tue 20th May Late"]
[Site "chess.com INT"]
[Date "2025.05.20"]
[Round "8"]
[White "Schnaider, Ilan"]
[Black "Nguyen, Ngoc Truong Son"]
[Result "0-1"]
[WhiteTitle "IM"]
[BlackTitle "GM"]
[WhiteElo "2388"]
[BlackElo "2632"]
[WhiteFideId "169013"]
[BlackFideId "12401110"]
[EventDate "2025.05.20"]

1. e4 e5 2. Nf3 Nc6 3. Bc4 Bc5 4. d3 Nf6 5. Be3 Bb6 6. O-O O-O 7. Nbd2 d5 8.
exd5 Nxd5 9. Bxb6 axb6 10. Bb5 Bg4 11. h3 Bh5 12. g4 Bg6 13. Bxc6 bxc6 14. Nxe5
Nf4 15. Qf3 Qg5 16. Ndc4 f5 17. Kh2 b5 18. Nxg6 Nxg6 19. Ne3 Ne5 20. Qg2 f4 21.
Nf5 h5 22. f3 hxg4 23. fxg4 g6 24. Nd4 f3 25. Qg3 Rae8 26. Rf2 Rf4 27. Nxf3
Nxf3+ 28. Rxf3 Re2+ 29. Kg1 Rxf3 30. Qxf3 Qe5 31. Kf1 Re3 32. Qf2 Rxh3 33. Re1
Rh1+ 34. Kg2 Rxe1 0-1

[Event "Titled Tue 20th May Late"]
[Site "chess.com INT"]
[Date "2025.05.20"]
[Round "8"]
[White "Shubenkova, Veronika"]
[Black "Yin, Evan"]
[Result "1-0"]
[WhiteTitle "WFM"]
[WhiteElo "2024"]
[BlackElo "2119"]
[WhiteFideId "44124040"]
[BlackFideId "30953111"]
[EventDate "2025.05.20"]

1. d4 Nf6 2. e3 b6 3. f4 Bb7 4. Nf3 g6 5. c3 Bg7 6. Bd3 O-O 7. Nbd2 d6 8. f5
Nbd7 9. O-O c5 10. Qe1 cxd4 11. exd4 Re8 12. Qh4 Qc7 13. fxg6 hxg6 14. Ng5 e5
15. Nde4 Bxe4 16. Bxe4 d5 17. Bxd5 Rf8 18. dxe5 Qxe5 19. Bxa8 Rxa8 20. Bf4 Qc5+
21. Kh1 Nh5 22. Nxf7 Qc4 23. Nd6 Qe2 24. Rae1 Qxb2 25. Qg4 Rf8 26. Qe6+ Kh7 27.
Qxd7 Nxf4 28. Qg4 Qxc3 29. Ne4 Qb4 30. Ng5+ Kg8 31. h3 Bh6 32. Re4 Qb5 33. Rexf4
Rxf4 34. Qxf4 Bxg5 35. Qf8+ Kh7 36. Rf7# 1-0

[Event "Titled Tue 20th May Late"]
[Site "chess.com INT"]
[Date "2025.05.20"]
[Round "8"]
[White "Mata Gonzalez, Jose Fernando"]
[Black "Alazmi, Amani"]
[Result "1-0"]
[WhiteTitle "CM"]
[BlackTitle "WCM"]
[WhiteElo "2164"]
[BlackElo "1725"]
[WhiteFideId "5107423"]
[BlackFideId "10303553"]
[EventDate "2025.05.20"]

1. e4 c6 2. d4 d5 3. Nc3 dxe4 4. Nxe4 Nf6 5. Nxf6+ exf6 6. c3 g6 7. Bd3 Bg7 8.
h4 h5 9. Qc2 f5 10. Bg5 Bf6 11. Nf3 O-O 12. O-O-O a5 13. Rde1 a4 14. a3 Be6 15.
Re5 Nd7 16. Re2 b5 17. Rhe1 Bb3 18. Qd2 b4 19. Ne5 Nxe5 20. Rxe5 bxa3 21. bxa3
Qd6 22. Bxf6 Qxf6 23. Qg5 Qd6 24. Qe7 Qb8 25. Bxf5 Bd5 26. Bc2 Qb5 27. Qf6 Qc4
28. Rxh5 1-0

[Event "Titled Tue 20th May Late"]
[Site "chess.com INT"]
[Date "2025.05.20"]
[Round "8"]
[White "Amburgy, Ryan"]
[Black "Szpar, Milosz"]
[Result "0-1"]
[WhiteTitle "FM"]
[BlackTitle "IM"]
[WhiteElo "2309"]
[BlackElo "2475"]
[WhiteFideId "30924820"]
[BlackFideId "1184989"]
[EventDate "2025.05.20"]

1. d4 Nf6 2. c4 c5 3. d5 e6 4. Nc3 exd5 5. cxd5 d6 6. Nf3 g6 7. Bf4 Bg7 8. Qa4+
Bd7 9. Qb3 b5 10. Bxd6 Qb6 11. Be5 O-O 12. e3 b4 13. Nb1 Bf5 14. Nbd2 Nbd7 15.
Nc4 Qd8 16. Rd1 Be4 17. Be2 Bxd5 18. O-O Re8 19. Bg3 Nb6 20. Qc2 Qe7 21. Nd6
Red8 22. Qxc5 Bf8 23. e4 Nxe4 24. Nxe4 Qxe4 25. Qe3 Qxe3 26. fxe3 Bxa2 27. Nd4
Bd5 28. Ba6 Bc4 29. Bxc4 Nxc4 30. Nc6 Rxd1 31. Rxd1 Nxb2 32. Rd7 Nc4 33. Rc7 b3
34. Rb7 b2 35. Ne5 Nb6 0-1

[Event "Titled Tue 20th May Late"]
[Site "chess.com INT"]
[Date "2025.05.20"]
[Round "8"]
[White "Drygalov, Andrey"]
[Black "Moosavifar, Seyed Abolfazl"]
[Result "1-0"]
[WhiteTitle "GM"]
[BlackTitle "FM"]
[WhiteElo "2431"]
[BlackElo "2303"]
[WhiteFideId "24171735"]
[BlackFideId "42548195"]
[EventDate "2025.05.20"]

1. e4 e5 2. Nf3 Nc6 3. Bc4 Bc5 4. c3 Nf6 5. d3 d6 6. O-O a6 7. a4 Ba7 8. Re1 O-O
9. Nbd2 Ng4 10. Re2 Kh8 11. h3 Nh6 12. Nf1 f5 13. Bg5 Qe8 14. Bxh6 gxh6 15. exf5
Bxf5 16. N1h2 Ne7 17. d4 e4 18. Nh4 d5 19. Nxf5 Rxf5 20. Bb3 Qg6 21. f3 exf3 22.
Nxf3 Rxf3 23. Rxe7 Rxh3 24. Qe2 Rh5 25. Bc2 Rf5 26. Bxf5 Qxf5 27. Rf1 Qg5 28.
Re8+ 1-0

[Event "Titled Tue 20th May Late"]
[Site "chess.com INT"]
[Date "2025.05.20"]
[Round "8"]
[White "Arakhamia-Grant, Ketevan"]
[Black "Varriale, Luca"]
[Result "0-1"]
[WhiteTitle "GM"]
[WhiteElo "2262"]
[BlackElo "2172"]
[WhiteFideId "13600168"]
[BlackFideId "882461"]
[EventDate "2025.05.20"]

1. e4 d5 2. exd5 Qxd5 3. Nc3 Qd6 4. d4 Nf6 5. g3 g6 6. Bf4 Qb6 7. Bg2 Bg7 8.
Nge2 O-O 9. O-O c6 10. Qc1 Bf5 11. h3 Nbd7 12. g4 Be6 13. Re1 Nd5 14. Bh6 Bxh6
15. Qxh6 Qxb2 16. Ne4 Qxc2 17. Ng5 N7f6 18. Be4 Qd2 19. Rad1 Qxa2 20. Nc1 Qa3
21. Nd3 Rad8 22. Ne5 Nf4 23. Re3 Qa4 24. Rb1 Rxd4 25. Ngxf7 Rxe4 26. Rxb7 Rxe3 0-1

[Event "Titled Tue 20th May Late"]
[Site "chess.com INT"]
[Date "2025.05.20"]
[Round "8"]
[White "Distaso, Antonio Pio"]
[Black "Abraham, John Z"]
[Result "1-0"]
[WhiteElo "2253"]
[BlackElo "2100"]
[WhiteFideId "805548"]
[BlackFideId "30987318"]
[EventDate "2025.05.20"]

1. e4 c5 2. Nf3 d6 3. d4 cxd4 4. Nxd4 Nf6 5. Nc3 a6 6. h3 h5 7. Be2 Nc6 8. Bg5
h4 9. Qd2 e6 10. O-O-O Be7 11. f4 Bd7 12. Bf3 Qa5 13. Nb3 Qc7 14. Rhe1 Rd8 15.
Nd5 exd5 16. exd5 Nb8 17. Bxf6 gxf6 18. Nd4 Kf8 19. f5 b5 20. Re2 Re8 21. Rde1
Bd8 22. Ne6+ fxe6 23. fxe6 Bc8 24. Qf4 Ke7 25. Bg4 Reg8 26. Rf2 Rf8 27. Qf5 Qd7
28. exd7+ 1-0

[Event "Titled Tue 20th May Late"]
[Site "chess.com INT"]
[Date "2025.05.20"]
[Round "8"]
[White "Albertini, Luca"]
[Black "Thake, Conrad"]
[Result "1-0"]
[BlackTitle "CM"]
[WhiteElo "2139"]
[BlackElo "1873"]
[WhiteFideId "847038"]
[BlackFideId "5602947"]
[EventDate "2025.05.20"]

1. e4 c5 2. d4 e6 3. Nf3 d5 4. exd5 exd5 5. Nc3 Nf6 6. Bb5+ Nc6 7. O-O Be6 8.
Ne5 Rc8 9. Bg5 Be7 10. Re1 O-O 11. Bxc6 bxc6 12. Bxf6 Bxf6 13. dxc5 Qc7 14. Nd3
Rfd8 15. Ne2 d4 16. Nef4 Bf5 17. Qh5 Bxd3 18. Nxd3 Rd5 19. Qf3 Rg5 20. g3 h5 21.
Re4 Rg6 22. Qf4 Qd7 23. Rae1 h4 24. g4 a5 25. h3 Bd8 26. Re8+ Kh7 27. R1e5 Bc7
28. Rh5+ Rh6 29. Qe4+ g6 30. Rxh6+ Kxh6 31. Rxc8 Qxc8 32. Qxd4 Qe6 33. Qe3+ Kh7
34. Qxe6 fxe6 35. f4 Kg7 36. Kf2 Kf6 37. Ke3 g5 38. Ke4 gxf4 39. Nxf4 Be5 40.
Nd3 Bc7 41. a3 a4 42. b4 axb3 43. cxb3 Ba5 44. b4 Bc7 45. a4 Bd8 46. b5 cxb5 47.
axb5 Bc7 48. b6 Bb8 49. c6 Ke7 50. c7 1-0

[Event "Titled Tue 20th May Late"]
[Site "chess.com INT"]
[Date "2025.05.20"]
[Round "8"]
[White "Abdurakhmonov, Mukhammadali"]
[Black "Habans Aguerrea, Javier"]
[Result "1-0"]
[WhiteTitle "IM"]
[BlackTitle "IM"]
[WhiteElo "2368"]
[BlackElo "2448"]
[WhiteFideId "14207346"]
[BlackFideId "24524689"]
[EventDate "2025.05.20"]

1. d4 Nf6 2. Bg5 c5 3. d5 d6 4. Nc3 g6 5. Bxf6 exf6 6. e4 Bg7 7. Bd3 O-O 8. Nge2
Nd7 9. Ng3 Ne5 10. Be2 h5 11. h3 f5 12. exf5 h4 13. Nge4 gxf5 14. Nd2 Qg5 15.
O-O Qf4 16. Bf3 Bd7 17. Ne2 Qg5 18. Kh1 Kh8 19. Rg1 Rg8 20. Nc1 Bh6 21. Nf1 Rae8
22. Nd3 Bg7 23. c3 Bb5 24. Be2 Bxd3 25. Bxd3 Qf4 26. Qc2 Nf3 27. g3 hxg3 28.
Rxg3 Ne1 29. Qd1 Nxd3 30. Qh5+ Bh6 31. Rxd3 Rg6 32. Rf3 Reg8 33. Ng3 Qe4 34.
Nxe4 1-0

[Event "Titled Tue 20th May Late"]
[Site "chess.com INT"]
[Date "2025.05.20"]
[Round "8"]
[White "Plat, Vojtech"]
[Black "Goryachkina, Aleksandra"]
[Result "1-0"]
[WhiteTitle "GM"]
[BlackTitle "GM"]
[WhiteElo "2482"]
[BlackElo "2544"]
[WhiteFideId "325740"]
[BlackFideId "4147103"]
[EventDate "2025.05.20"]

1. e4 c6 2. Nf3 d5 3. d3 g6 4. e5 Bg7 5. d4 f6 6. c4 Bg4 7. cxd5 cxd5 8. Be2 Nc6
9. Nc3 Nh6 10. h3 Be6 11. O-O O-O 12. Bb5 Nf5 13. Re1 Bf7 14. e6 Be8 15. Ba4 g5
16. Bb3 h5 17. Bxd5 g4 18. Nh2 gxh3 19. Bf4 hxg2 20. Nf3 h4 21. Kxg2 Bh5 22. Qd3
Bxf3+ 23. Qxf3 Nfxd4 24. Qh5 Nb4 25. Rad1 Nxd5 26. Nxd5 1-0